Μέταλλα σε αποχετευτικούς αγωγούς της Μυτιλήνης : πτυχιακή εργασία

Αποθηκεύτηκε σε:
Λεπτομέρειες βιβλιογραφικής εγγραφής
Κύριος συγγραφέας: Καργιώτη, Ειρήνη
Συγγραφή απο Οργανισμό/Αρχή: Πανεπιστήμιο Αιγαίου. Σχολή Περιβάλλοντος. Τμήμα Περιβάλλοντος
Άλλοι συγγραφείς: Αγγελίδης, Μιχάλης (Εισηγητής διατριβής)
Μορφή: Thesis Βιβλίο
Γλώσσα:Greek
Δημοσίευση: Μυτιλήνη : Πανεπιστήμιο Αιγαίου, Τμήμα Περιβάλλοντος, 1996
Θέματα:
Διαθέσιμο Online:http://hdl.handle.net/11610/9990
Ετικέτες: Προσθήκη ετικέτας
Δεν υπάρχουν, Καταχωρήστε ετικέτα πρώτοι!

MARC

LEADER 00000cam a2200000 i 4500
001 1/5856
008 000609s1996 gre d
035 |l 10061731 
040 |a GR-MY-UA  |b gre  |e aacr 
041 0 |a gre 
082 0 |a 628.3  |2 (22) 
100 1 |a Καργιώτη, Ειρήνη. 
245 1 0 |a Μέταλλα σε αποχετευτικούς αγωγούς της Μυτιλήνης :  |b πτυχιακή εργασία /  |c Ειρήνη Καργιώτη ; επιβλέπων καθηγητής Μ. Ο. Αγγελίδης 
260 |a Μυτιλήνη :   |b Πανεπιστήμιο Αιγαίου, Τμήμα Περιβάλλοντος,   |c 1996 
300 |a 100 σ.;  |b πιν., σχ., χάρτες;  |c 30 εκ. 
502 |a Πτυχιακή εργασία – Πανεπιστήμιο Αιγαίου, Λέσβος, 1996. 
504 |a Περιέχει παράρτημα και βιβλιογραφία 
650 0 0 |a Sewerage  |x Analysis. 
650 0 0 |a Sewerage  |z Greece  |z Mytilene (Lesbos) 
650 0 0 |a Dissertations, Academic  |z Greece. 
700 1 |a Αγγελίδης, Μιχάλης.  |4 ths 
710 2 |a Πανεπιστήμιο Αιγαίου.   |b Σχολή Περιβάλλοντος.   |b Τμήμα Περιβάλλοντος. 
852 |a INST  |b LESVOS  |c DIATR  |e 20020723  |h 333  |p 005100025947  |q 005100025947  |t DIE  |y 23 
852 |a INST  |b LESVOS  |c DIATR  |e 20000609  |h 334  |p 005100025948  |q 005100025948  |t DIE  |y 23 
856 |u http://hdl.handle.net/11610/9990 
901 |a BIBL1-2000-2 
909 |a Λ  |b 080344 
909 |a Λ  |b 080346 
924 |a ΚΑΡΓΙΩΤΗ  |b ΕΙΡΗΝΗ  |y ΛΕΣΒΟΣ  |z 1996-11 
970 |a ΑΙΒΑΤΖΙΔΟΥ  |b ΕΛΕΝΗ  |z 2000/06/09